000 00654cam a22002534a 4500
999 _c147514
_d147514
003 UPN
005 20220905063545.0
008 100420s2006 mx r 000 f spa d
020 _a9789707311282
020 _a8466308547
035 _aUPN01000175410
040 _aUPN
_bspa
_cUPN
049 _aCG
050 4 _aPQ8179 R4.7
_bD4.4
100 1 _aRestrepo, Laura,
_d1950-
_930272
245 1 0 _aDelirio /
_cLaura Restrepo.
250 _a3a ed.
260 _aMéxico :
_bPunto de Lectura,
_c2006.
300 _a303 p.
586 _a"Premio Alfaguara de Novela, 2004"
650 0 _aNovela colombiana
_95359
905 _aLibro
942 _2lcc
_cLIBRO